82 - Né(es) un 23 mars - Statistiques

Statistiques générales
  • Ce quiz a été pris 7 fois
  • Le résultat moyen est 3 sur 10
Statistiques - réponses
Hint Année de naissance Réponse % Correct
Actrice française qui a fait partie du groupe d'humoristes Les Nuls. 1948 Chantal Lauby
83%
Acteur italien. Prix d'interprétation masculine au festival de Cannes 1981 ("La Tragédie d'un homme ridicule"). Vu dans "Au nom du peuple italien", "Les Monstres", "La Grande Bouffe", "La propriété, c'est plus le vol", "La Cage aux folles". 1922 Ugo Tognazzi
67%
Actrice française. Vue dans "La Fille de 15 ans", "La Désenchantée", "L'Auberge espagnole", "France Boutique", "Potiche" et "Ridicule". 1972 Judith Godrèche
33%
Dessinateur de presse, caricaturiste. A travaillé pour le journal "Le Monde" de 1972 à 2021. 1951 Plantu|Jean Plantureux
33%
Écrivain français. Lauréat du prix Nobel de littérature de 193 A écrit "Jean Barois" (1913), "Les Thibault". 1881 Roger Martin du Gard
33%
Actrice américaine dont la carrière fut l'une des plus longues. Vue dans "Grand Hotel", "Mannequin", "Femmes", "Le Roman de Mildred Pierce", "Johnny Guitare", "Qu'est-il arrivé à Baby Jane ?". Oscar en 1946 de meilleure actrice pour "Le Roman de Mildred Pierce". 1904 Lucille Fay LeSueur|Joan Crawford
17%
Navigateur français. En 2013, il est le 7e édition du Vendée Globe en établissant un nouveau record de la circumnavigation en solitaire 1983 François Gabart
0%
Chimiste allemand. Prix Nobel de chimie "pour ses découvertes dans le champ de la chimie macromoléculaire". A découvert les cétènes. 1881 Hermann Staudinger
0%
Botaniste, horticulteur et explorateur américain. Considéré par Linné comme le plus grand botaniste du monde. Fonda, en 1728, le premier jardin botanique des États-Unis. 1699 John Bartram
0%
Médecin, botaniste italien. Connu pour avoir réalisé la première représentation de la tomate en Europe. Auteur du "Commentarii in libros sex Pedacii Dioscoridis". 1501 Pierandrea Mattioli|Matthioli
0%
Aucun quiz correspondant
Distribution des résultats
% des personnes avec chaque résultat
Percentile par nombre de réponses
Votre historique - résultats
Vous n’avez pas pris ce quiz